Planeación estratégica aplicada
Guardado en:
| Autores principales: | , , |
|---|---|
| Formato: | Libro |
| Lenguaje: | español |
| Publicado: |
Bogotá
McGraw Hill
1998
|
| Materias: | |
| Etiquetas: |
Agregar Etiqueta
Sin Etiquetas, Sea el primero en etiquetar este registro!
|
MARC
| LEADER | 00000nam a2200000 a 4500 | ||
|---|---|---|---|
| 001 | UCP3129 | ||
| 003 | CL-VaPUC | ||
| 008 | 990611e19980000CK |||||||||||||||||spa|d | ||
| 020 | |a 9586007065 | ||
| 082 | 0 | 4 | |a 658.401 |b GOO |2 21 |
| 100 | |a Goodstein, Leonard D |e author |9 430257 | ||
| 700 | 0 | |a Nolan, Timothy M |e author |9 430258 | |
| 700 | 0 | |a Pfeiffer, J William |e author |9 430259 | |
| 245 | 1 | 0 | |a Planeación estratégica aplicada |
| 300 | |a 442 p | ||
| 942 | |c BK | ||
| 945 | |d 19990611 00:00:00 |a rbrito | ||
| 260 | |a Bogotá |b McGraw Hill |c 1998 | ||
| 650 | 0 | |a Administración |9 259325 | |
| 650 | 7 | |a PLANIFICACION |2 CL-VaPUC |9 260802 | |
| 650 | 0 | |a Organización |9 256369 | |
| 650 | 0 | |a Gestión |9 260993 | |
| 583 | |a last modification |c 19990611 00:00:00 |k Rodrigo Vera | ||
| 999 | |c 281556 |d 281554 | ||
| 952 | |0 0 |1 0 |4 0 |6 658_401000000000000_GOO_1998 |7 0 |8 A |9 322372 |a BIBENE |b BIBENE |d 2019-11-20 |i 3529096 |o 658.401 GOO 1998 |p 3529096 |r 2025-01-15 |w 2019-11-20 |y BK |k ICO | ||
| 952 | |0 0 |1 0 |4 0 |6 658_401000000000000_GOO_1998 |7 0 |8 A |9 322373 |a BIBENE |b BIBENE |d 2019-11-20 |i 3536777 |o 658.401 GOO 1998 |p 3536777 |r 2025-01-15 |w 2019-11-20 |y BK |k ICO | ||
| 952 | |0 0 |1 0 |4 0 |6 658_401000000000000_GOO_1998 |7 0 |8 A |9 322374 |a BIBENE |b BIBENE |d 2019-11-20 |i 3558843 |o 658.401 GOO 1998 |p 3558843 |r 2025-01-15 |w 2019-11-20 |y BK |k ICO | ||
| 952 | |0 0 |1 0 |4 0 |6 658_401000000000000_GOO_1998 |7 0 |8 A |9 322375 |a BIBENE |b BIBENE |d 2019-11-20 |i 3621677 |o 658.401 GOO 1998 |p 3621677 |r 2025-01-15 |w 2019-11-20 |y BK |k ICO | ||
| 952 | |0 0 |1 0 |4 0 |6 658_401000000000000_GOO_1998 |7 0 |8 A |9 322376 |a BIBMEC |b BIBMEC |d 2019-11-20 |i 3625621 |o 658.401 GOO 1998 |p 3625621 |r 2024-01-19 |w 2019-11-20 |y BK |k MEC | ||
| 952 | |0 0 |1 0 |2 ddc |4 0 |6 658_401000000000000_GOO_1998 |7 0 |8 A |9 322377 |a BIBING |b BIBING |c RES |d 2019-11-20 |i 3674797 |o 658.401 GOO 1998 |p 3674797 |r 2025-01-20 |w 2019-11-20 |y BK |k TRA | ||
| 952 | |0 0 |1 0 |2 ddc |4 0 |6 658_401000000000000_GOO_1998 |7 0 |8 A |9 322378 |a BIBING |b BIBING |c RES |d 2019-11-20 |i 3796930 |o 658.401 GOO 1998 |p 3796930 |r 2025-01-20 |w 2019-11-20 |y BK |k TRA | ||
| 952 | |0 0 |1 0 |2 ddc |4 0 |6 658_401000000000000_GOO_1998 |7 0 |8 A |9 322379 |a BIBING |b BIBING |c RES |d 2019-11-20 |i 3809218 |o 658.401 GOO 1998 |p 3809218 |r 2025-01-20 |w 2019-11-20 |y BK |k TRA | ||
| 952 | |0 0 |1 0 |2 ddc |4 0 |6 658_401000000000000_GOO_1998 |7 0 |8 A |9 322380 |a BIBING |b BIBING |c RES |d 2019-11-20 |i 3962113 |o 658.401 GOO 1998 |p 3962113 |r 2025-01-20 |w 2019-11-20 |y BK |k TRA | ||